000 00648nam a2200217 a 4500
005 20260322212031.0
008 data
020 _a0944132782
020 _a9780944132784
096 _aWY 105 F492s 1992
100 1 _aFinkelman, Anita Ward.
245 1 0 _aStaff development for the psychiatric nurse
_cAnita Ward Finkelman.
250 _a2nd ed.
260 _aEl Paso, Tex.
_bSkidmore-Roth Publishing
_cc1992
300 _a[ix], 222 p. :
_b forms ;
_c 30 cm.
500 _aIn 3-ring binder.
500 _aIncludes bibliographical references (p. 211-222).
650 0 2 _aPsychiatric Nursing
_xpsychology
650 0 2 _aPsychiatric Nursing
001 data
999 _c728
_d728